[Event "Magistral Copa ENTEL 2005"]
[Site "Santiago de Chile CHI"]
[Date "2005.03.15"]
[Round "1.1"]
[White "Hellsten, Johan"]
[Black "Llorens, Marcelo"]
[Result "1-0"]
[WhiteElo "2554"]
[BlackElo "2418"]
[PlyCount "63"]
[EventDate "2005.03.15"]
[EventType "tourn"]
[EventRounds "13"]
[EventCountry "CHI"]
[Source "lmi"]
[SourceDate "2005.03.23"]

1. d4 Nf6 2. c4 c5 3. d5 b5 4. Nd2 g6 5. e4 d6 6. Bd3 Bg7 7. Ngf3 O-O 8. O-O b4
9. Nb3 Nbd7 10. h3 Qc7 11. Be3 a5 12. a3 bxa3 13. Rxa3 a4 14. Nbd2 Nb6 15. Qc2
Bd7 16. Rfa1 Rfb8 17. Nb1 Qb7 18. Nc3 Ne8 19. e5 Nc7 20. Bf4 Ne8 21. Re1 dxe5
22. Bxe5 Bxe5 23. Nxe5 Nd6 24. Ne4 Qc7 25. Ng3 Be8 26. Qc1 e6 27. Ng4 Qe7 28.
Qc3 Qh4 29. dxe6 fxe6 30. Rxe6 Rd8 31. Qe5 Ndc8 32. Nh5 1-0

[Event "Magistral Copa ENTEL 2005"]
[Site "Santiago de Chile CHI"]
[Date "2005.03.15"]
[Round "1.3"]
[White "Lopez, Hugo"]
[Black "Rojas, Luis"]
[Result "0-1"]
[WhiteElo "2386"]
[BlackElo "2379"]
[PlyCount "78"]
[EventDate "2005.03.15"]
[EventType "tourn"]
[EventRounds "13"]
[EventCountry "CHI"]
[Source "lmi"]
[SourceDate "2005.03.23"]

1. e4 e6 2. d4 d5 3. Nc3 Bb4 4. Nge2 Nc6 5. a3 Ba5 6. b4 Bb6 7. Be3 Nge7 8.
exd5 exd5 9. Nf4 Qd6 10. Qd2 O-O 11. Be2 Nf5 12. Nfxd5 Bxd4 13. Bf4 Ne5 14. g4
Bxc3 15. Nxc3 Nd4 16. Ne4 Nef3+ 17. Bxf3 Nxf3+ 18. Ke2 Qg6 19. Kxf3 Bxg4+ 20.
Kg3 Bf5+ 21. Ng5 f6 22. h4 fxg5 23. hxg5 Rad8 24. Qe2 Bxc2 25. Qc4+ Kh8 26.
Rae1 Rd7 27. Re6 Rxf4 28. Kxf4 Qf7+ 29. Kg3 Rd3+ 30. Qxd3 Bxd3 31. Rhe1 Bg6 32.
Re7 Qd5 33. R7e5 Qd6 34. f4 Kg8 35. R1e3 Qd4 36. Re7 Bh5 37. R7e4 Qd1 38. Kf2
Bg6 39. Re7 Qg4 0-1

[Event "Magistral Copa ENTEL 2005"]
[Site "Santiago de Chile CHI"]
[Date "2005.03.15"]
[Round "1.5"]
[White "Vasquez, Rodrigo"]
[Black "Michel, Christian"]
[Result "1/2-1/2"]
[WhiteElo "2561"]
[BlackElo "2341"]
[PlyCount "45"]
[EventDate "2005.03.15"]
[EventType "tourn"]
[EventRounds "13"]
[EventCountry "CHI"]
[Source "lmi"]
[SourceDate "2005.03.23"]

1. e4 e5 2. Nf3 Nc6 3. Bb5 a6 4. Ba4 d6 5. c3 Bd7 6. d4 g6 7. O-O Bg7 8. d5
Nce7 9. Bxd7+ Qxd7 10. c4 h6 11. Nc3 f5 12. b4 Nf6 13. Nd2 O-O 14. f3 c6 15. a4
Rac8 16. Bb2 h5 17. Qe2 Bh6 18. Kh1 cxd5 19. cxd5 Kg7 20. Nc4 Qc7 21. Na3 Qb6
22. Nc2 fxe4 23. fxe4 1/2-1/2

[Event "Magistral Copa ENTEL 2005"]
[Site "Santiago de Chile CHI"]
[Date "2005.03.15"]
[Round "1.6"]
[White "Leitao, Rafael"]
[Black "Zambrana, Osvaldo"]
[Result "1-0"]
[WhiteElo "2580"]
[BlackElo "2472"]
[PlyCount "39"]
[EventDate "2005.03.15"]
[EventType "tourn"]
[EventRounds "13"]
[EventCountry "CHI"]
[Source "lmi"]
[SourceDate "2005.03.23"]

1. d4 d5 2. c4 dxc4 3. Nf3 Nf6 4. e3 e6 5. Bxc4 c5 6. O-O a6 7. a4 Nc6 8. Qe2
Qc7 9. Nc3 Bd6 10. b3 O-O 11. Bb2 b6 12. d5 Ne5 13. Nxe5 Bxe5 14. dxe6 Bxh2+
15. Kh1 Be5 16. exf7+ Kh8 17. f4 Bd6 18. Nd5 Nxd5 19. Bxd5 Rd8 20. Qh5 1-0

[Event "Magistral Copa ENTEL 2005"]
[Site "Santiago de Chile CHI"]
[Date "2005.03.15"]
[Round "2.1"]
[White "Michel, Christian"]
[Black "Leitao, Rafael"]
[Result "1/2-1/2"]
[WhiteElo "2341"]
[BlackElo "2580"]
[PlyCount "86"]
[EventDate "2005.03.15"]
[EventType "tourn"]
[EventRounds "13"]
[EventCountry "CHI"]
[Source "lmi"]
[SourceDate "2005.03.23"]

1. e4 c5 2. Nf3 Nc6 3. d4 cxd4 4. Nxd4 e6 5. Nxc6 bxc6 6. Bd3 d5 7. O-O Nf6 8.
Nd2 Be7 9. c4 O-O 10. Qc2 h6 11. b3 Bb7 12. Bb2 a5 13. Rad1 a4 14. Rfe1 axb3
15. axb3 Qb6 16. exd5 cxd5 17. h3 Rfd8 18. Rb1 Ra2 19. Ra1 Rxb2 20. Qxb2 Bc5
21. Nf1 dxc4 22. Bxc4 Ne4 23. Rxe4 Bxe4 24. Qe2 Bb7 25. Nh2 Qd6 26. Ng4 Qf4 27.
Ne3 Qe4 28. Re1 Kf8 29. Qg4 Qxg4 30. hxg4 Ke7 31. Re2 Ra8 32. f3 Ra1+ 33. Kf2
g5 34. Kg3 Kf6 35. Nc2 Bd6+ 36. Kf2 Bc5+ 37. Kg3 Rd1 38. Ne1 Kg7 39. Nd3 Bd6+
40. Kf2 Bc7 41. Re1 Rd2+ 42. Re2 Rd1 43. Re1 Rd2+ 1/2-1/2

[Event "Magistral Copa ENTEL 2005"]
[Site "Santiago de Chile CHI"]
[Date "2005.03.15"]
[Round "2.5"]
[White "Llorens, Marcelo"]
[Black "Ricardi, Pablo"]
[Result "1/2-1/2"]
[WhiteElo "2418"]
[BlackElo "2547"]
[PlyCount "117"]
[EventDate "2005.03.15"]
[EventType "tourn"]
[EventRounds "13"]
[EventCountry "CHI"]
[Source "lmi"]
[SourceDate "2005.03.23"]

1. e4 c5 2. Nf3 d6 3. Bc4 Nf6 4. d3 e6 5. Bb3 Be7 6. c3 O-O 7. O-O b6 8. Re1
Bb7 9. h3 Nc6 10. Bf4 Rc8 11. Nbd2 h6 12. a3 b5 13. Nf1 Re8 14. Ng3 Bf8 15. Ba2
a6 16. Qe2 e5 17. Bd2 d5 18. exd5 Nxd5 19. Ne4 Be7 20. Rad1 Rc7 21. b4 cxb4 22.
axb4 Bc8 23. Nc5 Bxc5 24. bxc5 Nf6 25. Be3 Be6 26. Bxe6 Rxe6 27. d4 exd4 28.
cxd4 Qd5 29. Ra1 Rc8 30. Qb2 Ra8 31. Reb1 Qh5 32. Qd2 Rd8 33. Qb2 Ra8 34. Qd2
Ree8 35. Bf4 Qd5 36. Bc7 Ne4 37. Qb2 b4 38. Qb3 Nc3 39. Qxd5 Nxd5 40. Ne5 Nxd4
41. Bd6 Nb5 42. Nc4 Re4 43. Na5 Ndc3 44. Re1 Rae8 45. Rxe4 Rxe4 46. Nb3 Ne2+
47. Kh2 Ned4 48. Nxd4 Rxd4 49. Rxa6 f6 50. Rb6 Nxd6 51. cxd6 Kf7 52. Rb7+ Ke6
53. d7 Ke7 54. f3 Kd8 55. Kg3 h5 56. h4 g5 57. hxg5 fxg5 58. Kh3 Ke7 59. Kg3
1/2-1/2

[Event "Magistral Copa ENTEL 2005"]
[Site "Santiago de Chile CHI"]
[Date "2005.03.16"]
[Round "3.2"]
[White "Lopez, Hugo"]
[Black "Llorens, Marcelo"]
[Result "1-0"]
[WhiteElo "2386"]
[BlackElo "2418"]
[PlyCount "103"]
[EventDate "2005.03.15"]
[EventType "tourn"]
[EventRounds "13"]
[EventCountry "CHI"]
[Source "lmi"]
[SourceDate "2005.03.23"]

1. e4 c5 2. Nf3 Nc6 3. d4 cxd4 4. Nxd4 Nf6 5. Nc3 e5 6. Ndb5 d6 7. Bg5 a6 8.
Na3 b5 9. Bxf6 gxf6 10. Nd5 Bg7 11. c3 f5 12. exf5 Bxf5 13. Nc2 Be6 14. Nce3
Ne7 15. Be2 Nxd5 16. Nxd5 O-O 17. O-O Rb8 18. Qd2 Qd7 19. Rad1 Rfd8 20. Qg5
Bxd5 21. Rxd5 Qe6 22. Rfd1 h6 23. Qe3 Bf8 24. b3 Rdc8 25. c4 Rc5 26. Qg3+ Kh8
27. Qf3 Be7 28. Bd3 Rxd5 29. cxd5 Qf6 30. Qe4 Kg8 31. Rc1 Bd8 32. Rc6 Bb6 33.
Rc2 Bc5 34. b4 Bd4 35. g3 Kf8 36. Kg2 Qg7 37. Qf3 Re8 38. Rc6 e4 39. Bxe4 Qe5
40. Bg6 Re7 41. Rc8+ Kg7 42. Bd3 h5 43. Bf5 Re8 44. Rc6 Bxf2 45. Kxf2 Qe1+ 46.
Kg2 Re2+ 47. Kh3 Rf2 48. Qd3 Qe5 49. Be4 Qg5 50. Qd4+ Rf6 51. Rc2 Qg4+ 52. Kg2
1-0

[Event "Magistral Copa ENTEL 2005"]
[Site "Santiago de Chile CHI"]
[Date "2005.03.16"]
[Round "3.4"]
[White "Vasquez, Rodrigo"]
[Black "Rojas, Luis"]
[Result "1/2-1/2"]
[WhiteElo "2561"]
[BlackElo "2379"]
[PlyCount "59"]
[EventDate "2005.03.15"]
[EventType "tourn"]
[EventRounds "13"]
[EventCountry "CHI"]
[Source "lmi"]
[SourceDate "2005.03.23"]

1. e4 e6 2. d4 d5 3. e5 c5 4. c3 Nc6 5. Nf3 Bd7 6. Be2 f6 7. O-O fxe5 8. Nxe5
Nxe5 9. dxe5 Qc7 10. c4 d4 11. Bd3 O-O-O 12. f4 Ne7 13. Nd2 Nf5 14. Ne4 Be7 15.
Qe2 Bc6 16. a3 b6 17. Bd2 Qb7 18. Rae1 Rd7 19. b4 Ne3 20. Bxe3 dxe3 21. Nd6+
Bxd6 22. exd6 Rxd6 23. Qxe3 Bxg2 24. Rf2 Bc6 25. bxc5 bxc5 26. Rb1 Qc7 27. Rfb2
Rhd8 28. Bf1 Qf7 29. Qxc5 Qg6+ 30. Qg5 1/2-1/2

[Event "Magistral Copa ENTEL 2005"]
[Site "Santiago de Chile CHI"]
[Date "2005.03.16"]
[Round "3.6"]
[White "Zambrana, Osvaldo"]
[Black "Michel, Christian"]
[Result "1-0"]
[WhiteElo "2472"]
[BlackElo "2341"]
[PlyCount "137"]
[EventDate "2005.03.15"]
[EventType "tourn"]
[EventRounds "13"]
[EventCountry "CHI"]
[Source "lmi"]
[SourceDate "2005.03.23"]

1. e4 c5 2. Nf3 d6 3. d4 cxd4 4. Nxd4 Nf6 5. Nc3 Nc6 6. Bc4 Qb6 7. Nb3 e6 8.
O-O Be7 9. Be3 Qc7 10. f4 O-O 11. Be2 a6 12. a4 b6 13. Bf3 Rb8 14. Qe2 Nb4 15.
g4 Re8 16. g5 Nd7 17. Bg2 Bf8 18. Qf2 g6 19. Nd4 Bg7 20. Rad1 Bb7 21. Rd2 e5
22. Nde2 exf4 23. Nxf4 Ne5 24. Bxb6 Qe7 25. Ba5 Nbc6 26. Ncd5 Qxg5 27. h4 Qg4
28. Ne3 Nf3+ 29. Qxf3 Qxf3 30. Bxf3 Nxa5 31. b3 f5 32. Nfd5 fxe4 33. Be2 Red8
34. h5 Bh6 35. Rdd1 Nc6 36. Ng4 Kg7 37. Nc7 Bc8 38. Nxh6 Kxh6 39. hxg6 Kxg6 40.
Rf4 a5 41. Kf2 Kg7 42. Rxd6 Rxd6 43. Ne8+ Kg6 44. Nxd6 Bd7 45. Nxe4 Bf5 46.
Bh5+ Kxh5 47. Rxf5+ Kg4 48. Rc5 Ne7 49. Rxa5 Rf8+ 50. Ke2 Nf5 51. Nf2+ Kg3 52.
Ne4+ Kf4 53. Nc5 Ng3+ 54. Kd2 Rh8 55. Ra7 h5 56. Nd3+ Kf3 57. Rf7+ Kg2 58. a5
h4 59. a6 h3 60. Nf4+ Kg1 61. Nxh3+ Rxh3 62. Kc3 Rh6 63. a7 Ra6 64. b4 Ne4+ 65.
Kd4 Nd6 66. Rf6 Nb5+ 67. Kc5 Rxf6 68. Kxb5 Rf8 69. Ka6 1-0

[Event "Magistral Copa ENTEL 2005"]
[Site "Santiago de Chile CHI"]
[Date "2005.03.16"]
[Round "4.1"]
[White "Rodriguez, Andres"]
[Black "Zambrana, Osvaldo"]
[Result "1-0"]
[WhiteElo "2536"]
[BlackElo "2472"]
[PlyCount "97"]
[EventDate "2005.03.15"]
[EventType "tourn"]
[EventRounds "13"]
[EventCountry "CHI"]
[Source "lmi"]
[SourceDate "2005.03.23"]

1. e4 c5 2. Nf3 Nc6 3. d4 cxd4 4. Nxd4 Nf6 5. Nc3 e5 6. Ndb5 d6 7. Bg5 a6 8.
Na3 b5 9. Nd5 Be7 10. Bxf6 Bxf6 11. c3 O-O 12. Nc2 Bg5 13. a4 bxa4 14. Rxa4 a5
15. Nce3 Bxe3 16. Nxe3 Rb8 17. Ra2 Qh4 18. Bc4 Be6 19. Qd3 Qe7 20. O-O Rfd8 21.
Rd1 Qb7 22. Rd2 Qb6 23. Bxe6 fxe6 24. Qc4 Kf7 25. Qe2 Kg8 26. Qg4 Kf7 27. Qh5+
Kg8 28. Qh3 Re8 29. Ra1 Qc5 30. Rad1 Rbd8 31. Rd3 Kh8 32. Qh4 d5 33. R1d2 d4
34. Nc2 Rb8 35. Rh3 h6 36. Qh5 Red8 37. Na3 Rb7 38. Qg4 Rdb8 39. Rg3 Re7 40. h3
Rf8 41. Rc2 Qd6 42. Nb5 Qb8 43. Qe2 Rb7 44. Na3 dxc3 45. bxc3 Rb3 46. Nc4 Rb1+
47. Kh2 Qa7 48. Rd2 Rb7 49. Qg4 1-0

[Event "Magistral Copa ENTEL 2005"]
[Site "Santiago de Chile CHI"]
[Date "2005.03.16"]
[Round "4.5"]
[White "Felgaer, Ruben"]
[Black "Lopez, Hugo"]
[Result "1-0"]
[WhiteElo "2588"]
[BlackElo "2386"]
[PlyCount "63"]
[EventDate "2005.03.15"]
[EventType "tourn"]
[EventRounds "13"]
[EventCountry "CHI"]
[Source "lmi"]
[SourceDate "2005.03.23"]

1. e4 e5 2. Nf3 Nc6 3. Bb5 a6 4. Ba4 Nf6 5. O-O b5 6. Bb3 Be7 7. Re1 d6 8. c3
O-O 9. d4 Bg4 10. Be3 exd4 11. cxd4 Na5 12. Bc2 c5 13. h3 Bh5 14. g4 Bg6 15.
Nbd2 Rc8 16. d5 h5 17. Nh4 hxg4 18. hxg4 Qd7 19. Nf5 Rfe8 20. Kg2 Bxf5 21. gxf5
g6 22. Rh1 gxf5 23. exf5 Bf8 24. Qf3 Bg7 25. Rag1 b4 26. Qg3 Nxd5 27. f6 Nxf6
28. Kf1 Ng4 29. Qxg4 Qxg4 30. Rxg4 Kf8 31. Bf4 Rcd8 32. Rh7 1-0

[Event "Magistral Copa ENTEL 2005"]
[Site "Santiago de Chile CHI"]
[Date "2005.03.17"]
[Round "5.3"]
[White "Vasquez, Rodrigo"]
[Black "Llorens, Marcelo"]
[Result "1-0"]
[WhiteElo "2561"]
[BlackElo "2418"]
[PlyCount "41"]
[EventDate "2005.03.15"]
[EventType "tourn"]
[EventRounds "13"]
[EventCountry "CHI"]
[Source "lmi"]
[SourceDate "2005.03.23"]

1. Nf3 Nf6 2. c4 c6 3. d4 d5 4. e3 a6 5. Qc2 g6 6. Nbd2 Bg7 7. Bd3 O-O 8. O-O
Nbd7 9. b3 c5 10. Bb2 cxd4 11. exd4 dxc4 12. bxc4 Qc7 13. a4 b6 14. Rfc1 Bb7
15. a5 bxa5 16. Bc3 Rfc8 17. Rxa5 e6 18. h3 Bh8 19. Ra2 Bg7 20. Rb1 Nh5 21. Ba5
1-0

[Event "Magistral Copa ENTEL 2005"]
[Site "Santiago de Chile CHI"]
[Date "2005.03.17"]
[Round "5.5"]
[White "Zambrana, Osvaldo"]
[Black "Rojas, Luis"]
[Result "0-1"]
[WhiteElo "2472"]
[BlackElo "2379"]
[PlyCount "107"]
[EventDate "2005.03.15"]
[EventType "tourn"]
[EventRounds "13"]
[EventCountry "CHI"]
[Source "lmi"]
[SourceDate "2005.03.23"]

1. e4 e6 2. d4 d5 3. Nd2 c5 4. Ngf3 cxd4 5. exd5 Qxd5 6. Bc4 Qd6 7. O-O Nf6 8.
Nb3 Nc6 9. Nbxd4 Nxd4 10. Nxd4 a6 11. Bb3 Qc7 12. Qe2 Be7 13. Bg5 O-O 14. Rad1
Nd5 15. Bxe7 Nxe7 16. Rfe1 Ng6 17. c3 b5 18. Bc2 Bb7 19. Qh5 Rad8 20. Nf3 Rxd1
21. Rxd1 Rd8 22. Ng5 Rxd1+ 23. Qxd1 Nf8 24. Qd4 h6 25. Ne4 Qf4 26. Nc5 Qc1+ 27.
Qd1 Qxd1+ 28. Bxd1 Bc8 29. a4 Nd7 30. Nxd7 Bxd7 31. a5 Kf8 32. Bf3 Bc8 33. Kf1
Ke7 34. Ke2 Kd6 35. Kd3 e5 36. b4 f5 37. Ba8 g5 38. g3 g4 39. Bg2 Kc7 40. c4
Be6 41. cxb5 axb5 42. Kc3 Bf7 43. Bf1 Be8 44. h3 gxh3 45. Bxh3 Bd7 46. Kd3 Bc8
47. Ke3 f4+ 48. gxf4 exf4+ 49. Kxf4 Bxh3 50. Ke5 Bc8 51. f4 h5 52. f5 h4 53. f6
Kd7 54. Kf5 0-1

[Event "Magistral Copa ENTEL 2005"]
[Site "Santiago de Chile CHI"]
[Date "2005.03.17"]
[Round "5.6"]
[White "Michel, Christian"]
[Black "Rodriguez, Andres"]
[Result "0-1"]
[WhiteElo "2341"]
[BlackElo "2536"]
[PlyCount "106"]
[EventDate "2005.03.15"]
[EventType "tourn"]
[EventRounds "13"]
[EventCountry "CHI"]
[Source "lmi"]
[SourceDate "2005.03.23"]

1. e4 e6 2. d4 d5 3. Nc3 Bb4 4. e5 c5 5. Bd2 Nc6 6. Nb5 Bxd2+ 7. Qxd2 Nxd4 8.
Nxd4 cxd4 9. f4 Qb6 10. O-O-O Nh6 11. Nf3 Nf5 12. Nxd4 Nxd4 13. Qxd4 Qxd4 14.
Rxd4 Bd7 15. a4 Ke7 16. Bd3 Rac8 17. Kd2 Rc5 18. Re1 h6 19. Re3 Rhc8 20. Rb4
R8c7 21. g4 a5 22. Rd4 b5 23. axb5 Bxb5 24. Bxb5 Rxb5 25. Rc3 Rxc3 26. Kxc3 g5
27. b3 f6 28. h3 Kf7 29. exf6 Kxf6 30. Ra4 Ke7 31. fxg5 hxg5 32. Kd3 Kd6 33.
Ra1 Rb8 34. Rf1 Rh8 35. Rf3 e5 36. Re3 Rf8 37. Ke2 d4 38. Rd3 Kd5 39. c3 Ke4
40. cxd4 exd4 41. Rd1 Rf7 42. Rd2 Rh7 43. Rd3 Rb7 44. Rg3 Rf7 45. h4 gxh4 46.
Rh3 Rh7 47. g5 Kf5 48. g6 Kxg6 49. Kd3 Kg5 50. Kxd4 Kg4 51. Rh1 h3 52. Ke3 h2
53. Kf2 Kh3 0-1

[Event "Magistral Copa ENTEL 2005"]
[Site "Santiago de Chile CHI"]
[Date "2005.03.17"]
[Round "6.3"]
[White "Llorens, Marcelo"]
[Black "Leitao, Rafael"]
[Result "0-1"]
[WhiteElo "2418"]
[BlackElo "2580"]
[PlyCount "94"]
[EventDate "2005.03.15"]
[EventType "tourn"]
[EventRounds "13"]
[EventCountry "CHI"]
[Source "lmi"]
[SourceDate "2005.03.23"]

1. e4 c5 2. Nf3 Nc6 3. Bb5 d6 4. O-O Bd7 5. Re1 Nf6 6. c3 a6 7. Bf1 Bg4 8. d4
cxd4 9. cxd4 d5 10. e5 Ng8 11. Be3 e6 12. a3 Nge7 13. b4 Nf5 14. Be2 f6 15.
Nbd2 Be7 16. h3 Bxf3 17. Nxf3 fxe5 18. Nxe5 Nxe5 19. dxe5 O-O 20. Bg4 Qd7 21.
Qd3 a5 22. Bd2 Bd8 23. bxa5 Bxa5 24. Bxa5 Rxa5 25. Rab1 Rc5 26. Rb6 Rc7 27.
Reb1 Qc8 28. Qd1 Rff7 29. a4 g6 30. a5 Kg7 31. Bxf5 Rxf5 32. Qd4 Rff7 33. Qh4
Rc4 34. Qg5 h6 35. Qg3 Ra4 36. Kh2 Rxa5 37. R6b3 Ra4 38. Rf3 Qd7 39. Rbb3 g5
40. Rb6 Rxf3 41. Qxf3 Qf7 42. Qxf7+ Kxf7 43. Rxb7+ Kg6 44. Re7 Kf5 45. Rh7 d4
46. Kg3 d3 47. Rd7 Ke4 0-1

[Event "Magistral Copa ENTEL 2005"]
[Site "Santiago de Chile CHI"]
[Date "2005.03.17"]
[Round "6.6"]
[White "Ricardi, Pablo"]
[Black "Lopez, Hugo"]
[Result "1-0"]
[WhiteElo "2547"]
[BlackElo "2386"]
[PlyCount "159"]
[EventDate "2005.03.15"]
[EventType "tourn"]
[EventRounds "13"]
[EventCountry "CHI"]
[Source "lmi"]
[SourceDate "2005.03.23"]

1. Nf3 Nf6 2. c4 c5 3. Nc3 Nc6 4. d4 cxd4 5. Nxd4 g6 6. g3 Bg7 7. Bg2 O-O 8.
O-O Nxd4 9. Qxd4 d6 10. Qd3 a6 11. Rd1 Qa5 12. h3 Rb8 13. Bd2 Be6 14. b3 Rfc8
15. Rac1 Qd8 16. a4 Nd7 17. Be3 Nc5 18. Qb1 Bd7 19. Qa2 a5 20. Nd5 Be6 21. Nf4
Qd7 22. Kh2 Bh6 23. Rc3 Bg7 24. Bd4 Bh6 25. Bxc5 Rxc5 26. Nxe6 Qxe6 27. Bd5 Qe5
28. Rcd3 b6 29. Rd4 Qf6 30. Kg2 Rbc8 31. h4 R8c7 32. Qb1 Qe5 33. Bf3 Bg7 34.
R4d2 Qf5 35. Be4 Qg4 36. Rh1 Bh6 37. Bf3 Qf5 38. Rd3 Qf6 39. h5 Kg7 40. hxg6
hxg6 41. Bd5 Qe5 42. Qd1 e6 43. Bf3 d5 44. Rd4 Bg5 45. cxd5 Rc1 46. Qd3 R7c3
47. Qe4 Qxe4 48. Rxe4 Rxh1 49. Kxh1 exd5 50. Re5 Kf6 51. Rxd5 Rxb3 52. Kg2 Rb4
53. Rd7 Ke6 54. Rb7 Bd8 55. Bc6 f6 56. f4 g5 57. Rd7 Be7 58. f5+ Kf7 59. Kf3
Kf8 60. e4 Bc5 61. Kg4 Rd4 62. Bd5 Ke8 63. Rb7 Kd8 64. Kh5 Bd6 65. Kg6 Be5 66.
Rxb6 Rxa4 67. Rxf6 Bxf6 68. Kxf6 Rd4 69. Kg7 Rd2 70. f6 Rf2 71. e5 Rf5 72. Be6
Rf2 73. Bb3 Rf3 74. Bf7 Rxg3 75. e6 Re3 76. Kf8 g4 77. e7+ Kc7 78. e8=Q Rxe8+
79. Kxe8 Kc6 80. Bh5 1-0

[Event "Magistral Copa ENTEL 2005"]
[Site "Santiago de Chile CHI"]
[Date "2005.03.18"]
[Round "7.3"]
[White "Leitao, Rafael"]
[Black "Felgaer, Ruben"]
[Result "1-0"]
[WhiteElo "2580"]
[BlackElo "2588"]
[PlyCount "65"]
[EventDate "2005.03.15"]
[EventType "tourn"]
[EventRounds "13"]
[EventCountry "CHI"]
[Source "lmi"]
[SourceDate "2005.03.23"]

1. e4 c5 2. Nf3 g6 3. d4 cxd4 4. Nxd4 Nc6 5. c4 Nf6 6. Nc3 d6 7. Be2 Nxd4 8.
Qxd4 Bg7 9. Be3 O-O 10. Qd2 Be6 11. Rc1 Qa5 12. f3 Rfc8 13. b3 a6 14. Na4 Qxd2+
15. Kxd2 Nd7 16. g4 f5 17. exf5 gxf5 18. h3 Rf8 19. f4 Rad8 20. Nc3 d5 21. cxd5
Nf6 22. Rhg1 Nxd5 23. Nxd5 Bxd5 24. Ke1 Kh8 25. Rc7 fxg4 26. hxg4 e6 27. Rg3
Rc8 28. Rxc8 Rxc8 29. Bd3 Kg8 30. g5 Rc7 31. Ke2 Rf7 32. Bxh7+ Kf8 33. Bc5+ 1-0

[Event "Magistral Copa ENTEL 2005"]
[Site "Santiago de Chile CHI"]
[Date "2005.03.18"]
[Round "7.4"]
[White "Zambrana, Osvaldo"]
[Black "Llorens, Marcelo"]
[Result "1-0"]
[WhiteElo "2472"]
[BlackElo "2418"]
[PlyCount "81"]
[EventDate "2005.03.15"]
[EventType "tourn"]
[EventRounds "13"]
[EventCountry "CHI"]
[Source "lmi"]
[SourceDate "2005.03.23"]

1. e4 c5 2. Nf3 Nc6 3. d4 cxd4 4. Nxd4 Nf6 5. Nc3 d6 6. Bg5 Bd7 7. Qd2 Rc8 8.
Bxf6 gxf6 9. Nf5 Qa5 10. Bd3 Ne5 11. O-O-O h5 12. f4 Nc4 13. Bxc4 Rxc4 14. Qd3
Rc5 15. Rhe1 Be6 16. a3 Qc7 17. Kb1 Qc8 18. Ne3 h4 19. Ncd5 Rg8 20. Re2 Bh6 21.
b4 Rc6 22. Nf5 Bf8 23. Rdd2 a5 24. Nxh4 axb4 25. axb4 Rc4 26. Qb3 b5 27. Nf5
Qc6 28. Kb2 Kd8 29. Qa3 Bxd5 30. exd5 Qb6 31. g3 Rh8 32. c3 Rh5 33. Nd4 Kd7 34.
Nc6 Rxc6 35. dxc6+ Qxc6 36. Qa7+ Qc7 37. Qa8 Qc8 38. Qf3 Rh8 39. Qd5 Qc4 40.
Qb7+ Kd8 41. Re1 1-0

[Event "Magistral Copa ENTEL 2005"]
[Site "Santiago de Chile CHI"]
[Date "2005.03.18"]
[Round "7.6"]
[White "Rodriguez, Andres"]
[Black "Rojas, Luis"]
[Result "0-1"]
[WhiteElo "2536"]
[BlackElo "2379"]
[PlyCount "88"]
[EventDate "2005.03.15"]
[EventType "tourn"]
[EventRounds "13"]
[EventCountry "CHI"]
[Source "lmi"]
[SourceDate "2005.03.23"]

1. e4 e6 2. Qe2 c5 3. g3 Nc6 4. Bg2 Nge7 5. c3 d5 6. d3 b6 7. Nf3 Ba6 8. e5 h6
9. h4 Qc7 10. O-O O-O-O 11. a4 c4 12. d4 Bb7 13. h5 Na5 14. Bh3 Nb3 15. Ra2
Nxc1 16. Rxc1 Nc6 17. Nh4 Be7 18. Ng2 Kb8 19. Nd2 Na5 20. f4 Bc8 21. Rf1 g6 22.
g4 gxh5 23. gxh5 Rdg8 24. Raa1 Rg7 25. Kh1 Rhg8 26. Ne3 Rg3 27. Kh2 f5 28. exf6
e5 29. Bxc8 Qxc8 30. f5 exd4 31. Nexc4 Bxf6 32. Qe6 dxc4 33. Qd6+ Qc7 34. Qxc7+
Kxc7 35. Nf3 Rg2+ 36. Kh1 d3 37. Rae1 Rxb2 38. Re6 Rf8 39. Nh2 d2 40. Ng4 Bxc3
41. Ne3 Bd4 42. Nd5+ Kb7 43. f6 c3 44. Re7+ Kc6 0-1

[Event "Magistral Copa ENTEL 2005"]
[Site "Santiago de Chile CHI"]
[Date "2005.03.18"]
[Round "8.2"]
[White "Llorens, Marcelo"]
[Black "Michel, Christian"]
[Result "1/2-1/2"]
[WhiteElo "2418"]
[BlackElo "2341"]
[PlyCount "31"]
[EventDate "2005.03.15"]
[EventType "tourn"]
[EventRounds "13"]
[EventCountry "CHI"]
[Source "lmi"]
[SourceDate "2005.03.23"]

1. e4 c5 2. Nf3 e6 3. d3 Nc6 4. Nbd2 d6 5. g3 g6 6. Bg2 Bg7 7. O-O Nge7 8. Nh4
O-O 9. f4 Kh8 10. Ndf3 Rb8 11. h3 f5 12. Re1 e5 13. exf5 Nxf5 14. Nxf5 Bxf5 15.
g4 Bd7 16. fxe5 1/2-1/2

[Event "Magistral Copa ENTEL 2005"]
[Site "Santiago de Chile CHI"]
[Date "2005.03.19"]
[Round "9.1"]
[White "Vasquez, Rodrigo"]
[Black "Lopez, Hugo"]
[Result "1-0"]
[WhiteElo "2561"]
[BlackElo "2386"]
[PlyCount "73"]
[EventDate "2005.03.15"]
[EventType "tourn"]
[EventRounds "13"]
[EventCountry "CHI"]
[Source "lmi"]
[SourceDate "2005.03.23"]

1. Nf3 Nf6 2. c4 c5 3. Nc3 Nc6 4. d4 cxd4 5. Nxd4 g6 6. e4 d6 7. Be2 Bg7 8. Be3
O-O 9. O-O Nxd4 10. Bxd4 Nd7 11. Bxg7 Kxg7 12. Qd4+ Kg8 13. Rad1 Re8 14. Kh1
Qb6 15. Qd2 Nf6 16. f4 Qc5 17. b3 Bd7 18. b4 Qxb4 19. e5 Ng4 20. h3 Nh6 21. Nd5
Qxd2 22. Rxd2 Rab8 23. exd6 Nf5 24. dxe7 Kg7 25. Re1 Bc6 26. Bf3 Bxd5 27. Rxd5
Rxe7 28. Rxe7 Nxe7 29. Rd7 Kf6 30. c5 Ke6 31. Rd6+ Kf5 32. g3 h5 33. Rd7 Ke6
34. Rd6+ Kf5 35. Kg2 Rc8 36. Be2 Ke4 37. Kf2 1-0

[Event "Magistral Copa ENTEL 2005"]
[Site "Santiago de Chile CHI"]
[Date "2005.03.19"]
[Round "9.2"]
[White "Leitao, Rafael"]
[Black "Ricardi, Pablo"]
[Result "0-1"]
[WhiteElo "2580"]
[BlackElo "2547"]
[PlyCount "144"]
[EventDate "2005.03.15"]
[EventType "tourn"]
[EventRounds "13"]
[EventCountry "CHI"]
[Source "lmi"]
[SourceDate "2005.03.23"]

1. e4 c5 2. Nf3 e6 3. d4 cxd4 4. Nxd4 Nf6 5. Nc3 Nc6 6. Nxc6 bxc6 7. e5 Nd5 8.
Ne4 Qc7 9. f4 f5 10. exf6 gxf6 11. Bd3 Ba6 12. Bxa6 Qa5+ 13. Bd2 Qxa6 14. Qh5+
Kd8 15. b3 f5 16. Ng5 Bg7 17. Rd1 Re8 18. c4 Nf6 19. Qe2 c5 20. Bc3 Re7 21. Qb2
Ne8 22. O-O Bxc3 23. Qxc3 Kc7 24. Qe5+ Kb7 25. Qxc5 Qb6 26. Qd4 Qxd4+ 27. Rxd4
Nf6 28. Rfd1 Kc7 29. Nf3 Ne4 30. Kf1 a5 31. Rc1 d6 32. Nd2 Nc5 33. Nb1 Ne4 34.
Nc3 Nxc3 35. Rxc3 Kc6 36. Rcd3 Rd7 37. a3 Kc5 38. Ke1 Rb8 39. Kd2 Rxb3 40. Rxb3
Kxd4 41. Re3 Re7 42. Rd3+ Kc5 43. Kc3 d5 44. cxd5 exd5 45. Rh3 Rg7 46. g3 d4+
47. Kd3 Rb7 48. Rh5 Rb3+ 49. Kd2 Rxa3 50. Rxf5+ Kc4 51. Rf7 Ra2+ 52. Kc1 Rxh2
53. f5 a4 54. f6 h5 55. Ra7 Kc3 56. Rc7+ Kd3 57. Ra7 Rf2 58. f7 Rf1+ 59. Kb2
Ke3 60. Re7+ Kd2 61. Re4 a3+ 62. Kxa3 Kc3 63. Ka2 Rxf7 64. Re5 d3 65. Rc5+ Kd4
66. Rc8 Rb7 67. Rd8+ Ke3 68. Re8+ Kf3 69. Rd8 Ke2 70. Re8+ Kd1 71. Re5 d2 72.
Rxh5 Rd7 0-1